[Event "Moscow Blitz Final 2014"]
[Site "Moscow RUS"]
[Date "2014.09.06"]
[Round "11.9"]
[White "Grischuk, Alexander"]
[Black "Motylev, Alexander"]
[Result "0-1"]
[WhiteTitle "GM"]
[BlackTitle "GM"]
[WhiteElo "2789"]
[BlackElo "2686"]
[WhiteFideId "4126025"]
[BlackFideId "4121830"]
[EventDate "2014.09.06"]

1. c4 c6 2. Nf3 d5 3. d4 Nf6 4. g3 Bg4 5. Bg2 e6 6. Qb3 Qb6 7. O-O Nbd7 8. Nc3
Be7 9. Re1 O-O 10. c5 Qxb3 11. axb3 a6 12. b4 Rfe8 13. h3 Bf5 14. g4 Bc2 15. Bf4
h6 16. Rac1 Bh7 17. Nd2 Bd8 18. Bd6 e5 19. e3 Re6 20. f4 exd4 21. exd4 Ne8 22.
f5 Rxe1+ 23. Rxe1 Bh4 24. Re2 Nxd6 25. cxd6 Rd8 26. Nb3 Nf6 27. Nc5 Rxd6 28.
Nxb7 Rd7 29. Nc5 Ra7 30. Nb1 g6 31. fxg6 Bxg6 32. Nd2 a5 33. Nf3 Bg3 34. Ne5
axb4 35. Nxg6 Ra1+ 36. Bf1 fxg6 37. Re6 Kf7 38. Rxc6 Rb1 39. Nd3 Ne4 40. Kg2 Rd1
41. Be2 Rd2 42. Kf3 Bd6 43. Rxd6 Nxd6 44. Ne5+ 0-1

[Event "Moscow Blitz Final 2014"]
[Site "Moscow RUS"]
[Date "2014.09.06"]
[Round "11.10"]
[White "Riazantsev, Alexander"]
[Black "Popov, Ivan RUS"]
[Result "1/2-1/2"]
[WhiteTitle "GM"]
[BlackTitle "GM"]
[WhiteElo "2678"]
[BlackElo "2627"]
[WhiteFideId "4125029"]
[BlackFideId "4170350"]
[EventDate "2014.09.06"]

1. d4 d5 2. c4 c6 3. Nf3 Nf6 4. e3 Bg4 5. h3 Bxf3 6. Qxf3 e6 7. Nc3 Nbd7 8. Bd3
g6 9. Bd2 Bg7 10. cxd5 cxd5 11. O-O O-O 12. Rfc1 Qe7 13. Qd1 Rfc8 14. a4 Bf8 15.
a5 a6 16. Na4 Ne4 17. Be1 Qd8 18. Qb3 Rxc1 19. Rxc1 Rc8 20. Rc2 Rxc2 21. Qxc2
Nd6 22. b4 e5 23. Nc5 exd4 24. exd4 Bg7 25. Bc3 Qe7 26. Qe2 Qxe2 27. Bxe2 Nxc5
28. bxc5 Ne4 29. Bb2 Nxc5 30. dxc5 Bxb2 31. Bf3 Ba3 32. Bxd5 Bxc5 33. Bxb7 Bb4
34. Bxa6 Bxa5 1/2-1/2

[Event "Moscow Blitz Final 2014"]
[Site "Moscow RUS"]
[Date "2014.09.06"]
[Round "12.1"]
[White "Moskalenko, Alexander"]
[Black "Popov, Ivan RUS"]
[Result "1-0"]
[WhiteTitle "IM"]
[BlackTitle "GM"]
[WhiteElo "2460"]
[BlackElo "2627"]
[WhiteFideId "4155351"]
[BlackFideId "4170350"]
[EventDate "2014.09.06"]

1. Nf3 c5 2. c4 Nc6 3. g3 g6 4. Bg2 Bg7 5. Nc3 e6 6. O-O Nge7 7. d4 Nxd4 8. Nxd4
cxd4 9. Nb5 Qb6 10. e3 O-O 11. Nxd4 d5 12. cxd5 Nxd5 13. b3 Rd8 14. Bd2 e5 15.
Ne2 Bg4 16. h3 Nc3 17. Nxc3 Bxd1 18. Raxd1 Qe6 19. e4 Rac8 20. Nd5 Rc2 21. a4
Rdc8 22. h4 Bf8 23. Kh2 Qa6 24. f4 Qe2 25. Rfe1 Qxd2 26. Rxd2 Rxd2 27. Ne3 exf4
28. gxf4 Rb2 29. e5 Rxb3 30. Bd5 Rb2+ 31. Kg3 Rc3 32. Kg4 h5+ 33. Kg5 Be7+ 34.
Kh6 Bf8+ 35. Kg5 Rd2 36. Kf6 Rxe3 37. Bxf7+ Kh7 38. Bxg6+ Kh6 39. Rxe3 Rd4 40.
f5 Bg7+ 41. Kf7 Rd7+ 42. Ke8 Rc7 43. Bf7 Kh7 44. f6 Bh6 45. Re2 Bf4 46. e6 Rc8+
47. Kd7 Rc7+ 48. Kd8 1-0

[Event "Moscow Blitz Final 2014"]
[Site "Moscow RUS"]
[Date "2014.09.06"]
[Round "12.2"]
[White "Motylev, Alexander"]
[Black "Riazantsev, Alexander"]
[Result "1/2-1/2"]
[WhiteTitle "GM"]
[BlackTitle "GM"]
[WhiteElo "2686"]
[BlackElo "2678"]
[WhiteFideId "4121830"]
[BlackFideId "4125029"]
[EventDate "2014.09.06"]

1. e4 c6 2. Ne2 d5 3. e5 d4 4. c3 c5 5. Nf4 e6 6. Bb5+ Bd7 7. Na3 Ne7 8. O-O Ng6
9. Nd3 Be7 10. f4 O-O 11. Qf3 Bc6 12. Bxc6 Nxc6 13. b3 Qd7 14. Bb2 Rad8 15. Rad1
Qd5 16. Qxd5 Rxd5 17. c4 Rd7 18. Nc2 a5 19. a4 b6 20. Nce1 f6 21. f5 exf5 22.
Rxf5 Ncxe5 23. Nf2 Nh4 24. Rh5 Nhg6 25. Rf5 Nh4 26. Rh5 Nhg6 27. Rf5 Nh4 1/2-1/2

[Event "Moscow Blitz Final 2014"]
[Site "Moscow RUS"]
[Date "2014.09.06"]
[Round "12.3"]
[White "Mozharov, Mikhail"]
[Black "Grischuk, Alexander"]
[Result "1/2-1/2"]
[WhiteTitle "GM"]
[BlackTitle "GM"]
[WhiteElo "2555"]
[BlackElo "2789"]
[WhiteFideId "4189825"]
[BlackFideId "4126025"]
[EventDate "2014.09.06"]

1. e4 c5 2. Nc3 d6 3. f4 g6 4. Nf3 Bg7 5. Bb5+ Bd7 6. Bxd7+ Qxd7 7. d3 Nc6 8.
O-O f5 9. Qe2 Nh6 10. Nd5 e6 11. exf5 Nxf5 12. c3 O-O 13. Ne3 Rae8 14. Bd2 Nfe7
15. Nc2 Nd5 16. g3 b5 17. a3 a5 18. Rae1 b4 19. axb4 axb4 20. c4 Nc7 21. b3 Ra8
22. Be3 Ra2 23. Qd1 Na6 24. d4 cxd4 25. Ncxd4 Nxd4 26. Bxd4 Bxd4+ 27. Qxd4 Nc5
28. Re3 Rd8 29. Rf2 Rxf2 30. Kxf2 Qg7 31. Qxg7+ Kxg7 32. Nd4 Kf6 33. Nc6 Ra8 34.
Nxb4 Rb8 35. Nc6 Rxb3 36. Rxb3 Nxb3 37. Ke3 h5 38. h3 g5 39. fxg5+ Kxg5 40. Nd4
Nc5 41. Nf3+ Kf5 42. Nd4+ Kf6 43. Nb5 Ke5 44. g4 hxg4 45. hxg4 Nd7 46. Nd4 Nb6
47. Nc6+ Kf6 48. Kd4 e5+ 49. Kd3 Kg5 50. c5 1/2-1/2

[Event "Moscow Blitz Final 2014"]
[Site "Moscow RUS"]
[Date "2014.09.06"]
[Round "12.4"]
[White "Belous, Vladimir"]
[Black "Reshetnikov, Alexey"]
[Result "1-0"]
[WhiteTitle "GM"]
[BlackTitle "IM"]
[WhiteElo "2584"]
[BlackElo "2498"]
[WhiteFideId "4174003"]
[BlackFideId "4162080"]
[EventDate "2014.09.06"]

1. c4 c6 2. d4 d5 3. Nf3 Nf6 4. e3 e6 5. b3 Nbd7 6. Bd3 Bd6 7. Bb2 O-O 8. O-O b6
9. Nbd2 Bb7 10. Qe2 c5 11. Rac1 cxd4 12. exd4 dxc4 13. bxc4 Re8 14. Rfd1 Bf8 15.
Bb1 Rc8 16. Nf1 g6 17. Ne3 Bg7 18. h3 Nh5 19. Ne5 Qc7 20. Nxd7 Qxd7 21. g3 e5
22. dxe5 Qxh3 23. Nd5 b5 24. Be4 Rxc4 25. Rxc4 bxc4 26. Qxc4 Qg4 27. Qc2 Bxd5
28. Bxd5 Bxe5 29. Re1 Nxg3 30. Rxe5 Ne4+ 31. Kf1 Qh3+ 32. Ke1 Rxe5 33. Bxe5 Qh1+
34. Ke2 Qh5+ 35. Kd3 Qf3+ 36. Kd4 Qxf2+ 37. Qxf2 Nxf2 38. a4 h5 39. a5 Ng4 40.
Bb8 h4 41. Bxa7 h3 42. Bb8 1-0

[Event "Moscow Blitz Final 2014"]
[Site "Moscow RUS"]
[Date "2014.09.06"]
[Round "12.5"]
[White "Fedoseev, Vladimir3"]
[Black "Paravyan, David"]
[Result "1-0"]
[WhiteTitle "GM"]
[BlackTitle "IM"]
[WhiteElo "2677"]
[BlackElo "2428"]
[WhiteFideId "24130737"]
[BlackFideId "4194985"]
[EventDate "2014.09.06"]

1. d4 Nf6 2. c4 g6 3. Nc3 d5 4. cxd5 Nxd5 5. Bd2 Bg7 6. e4 Nb6 7. Be3 O-O 8. h3
e5 9. Nf3 exd4 10. Bxd4 Nc6 11. Bxg7 Qxd1+ 12. Rxd1 Kxg7 13. Bb5 Nb4 14. a3 a6
15. Be2 Nc6 16. O-O Be6 17. Nd5 Bxd5 18. exd5 Na5 19. Rc1 Nxd5 20. Rfd1 Nf4 21.
Bf1 Ne6 22. Ne5 Rfd8 23. Re1 Nb3 24. Rc3 Nbd4 25. Bc4 c5 26. Ba2 b5 27. b3 a5
28. a4 b4 29. Rg3 Nf5 30. Rg4 Rd2 31. Bb1 h5 32. Rge4 Ng5 33. Rc4 Nd4 34. Rxc5
Nxb3 35. Rc7 Re8 36. f4 Nd4 37. Rf1 Ne2+ 38. Kh2 Nxf4 39. Rxf4 Rxe5 40. h4 Ree2
41. hxg5 Rxg2+ 42. Kh1 Rh2+ 43. Kg1 Rdg2+ 44. Kf1 Rb2 45. Rcxf7+ 1-0

[Event "Moscow Blitz Final 2014"]
[Site "Moscow RUS"]
[Date "2014.09.06"]
[Round "12.6"]
[White "Seliverstov, Vladimir"]
[Black "Morozevich, Alexander"]
[Result "0-1"]
[WhiteTitle "FM"]
[BlackTitle "GM"]
[WhiteElo "2432"]
[BlackElo "2731"]
[WhiteFideId "4192036"]
[BlackFideId "4116992"]
[EventDate "2014.09.06"]

1. d4 Nf6 2. c4 g6 3. Nc3 Bg7 4. e4 d6 5. Nf3 O-O 6. Be2 c5 7. O-O Re8 8. Bg5 h6
9. Bxf6 Bxf6 10. dxc5 dxc5 11. Qxd8 Rxd8 12. Nd5 Nc6 13. Nxf6+ exf6 14. Rfd1 Be6
15. Kf1 Kf8 16. Ke1 Ke7 17. Rxd8 Rxd8 18. Rd1 Rh8 19. Kd2 g5 20. Kc3 h5 21. a3
a5 22. Rd2 h4 23. Bd1 g4 24. Ne1 b6 25. Ba4 Ne5 26. Bb5 g3 27. hxg3 hxg3 28. f4
Ng4 29. Bc6 f5 30. exf5 Bxf5 31. Bf3 Nf2 32. Nc2 Be4 33. Re2 f5 34. Ne3 Bxf3 35.
gxf3 Kf6 36. b4 Rd8 37. bxa5 bxa5 38. Re1 Rd3+ 39. Kb2 Rxe3 0-1

[Event "Moscow Blitz Final 2014"]
[Site "Moscow RUS"]
[Date "2014.09.06"]
[Round "12.7"]
[White "Savchenko, Boris"]
[Black "Grachev, Boris"]
[Result "1-0"]
[WhiteTitle "GM"]
[BlackTitle "GM"]
[WhiteElo "2608"]
[BlackElo "2673"]
[WhiteFideId "4147332"]
[BlackFideId "4129199"]
[EventDate "2014.09.06"]

1. e4 c5 2. Nf3 e6 3. d4 cxd4 4. Nxd4 Nc6 5. Nc3 a6 6. a3 Qc7 7. Be3 b5 8. f4
Bb7 9. Bd3 Nxd4 10. Bxd4 Nf6 11. Qf3 Bc5 12. Bxc5 Qxc5 13. O-O-O Rc8 14. Qg3 O-O
15. e5 Nh5 16. Qh4 g6 17. Rhe1 b4 18. axb4 Qxb4 19. Ne4 Bxe4 20. Rxe4 Qa5 21.
Kb1 Rb8 22. Bc4 Qb4 23. b3 Rfc8 24. Rxd7 Qb6 25. f5 Ng7 26. Qf6 Rf8 27. fxe6
Nxe6 28. Rxf7 Qg1+ 29. Kb2 Rxf7 30. Bxe6 Rf8 31. Rf4 1-0

[Event "Moscow Blitz Final 2014"]
[Site "Moscow RUS"]
[Date "2014.09.06"]
[Round "12.8"]
[White "Najer, Evgeniy"]
[Black "Dubov, Daniil"]
[Result "1-0"]
[WhiteTitle "GM"]
[BlackTitle "GM"]
[WhiteElo "2646"]
[BlackElo "2614"]
[WhiteFideId "4118987"]
[BlackFideId "24126055"]
[EventDate "2014.09.06"]

1. e4 c5 2. Nc3 a6 3. Nf3 e6 4. d4 cxd4 5. Nxd4 Nc6 6. Be3 Nf6 7. f4 Bb4 8. Bd3
e5 9. fxe5 Nxe5 10. O-O Nfg4 11. Bf4 Bc5 12. Ne2 Ng6 13. Bd2 Qc7 14. g3 h5 15.
c3 h4 16. Nf4 N6e5 17. Be2 Nf6 18. b4 Ba7 19. gxh4 Nxe4 20. Rc1 b5 21. h5 Bb7
22. Be1 g5 23. Nd3 Nc4 24. Bf3 O-O-O 25. Bxe4 Bxe4 26. Bg3 d6 27. Qg4+ f5 28.
Rxf5 Bxf5 29. Qxf5+ Kb8 30. Re1 Qb7 31. Qg4 Nd2 32. Re3 Rhe8 33. Bxd6+ Ka8 34.
Rxe8 Rxe8 35. Ne5 Rxe5 36. Bxe5 Nf3+ 37. Kf2 Nxe5 38. Qf5 Qc7 39. Ke2 Qc4+ 40.
Kd2 Bxd4 41. Qe4+ Nc6 42. cxd4 Qxb4+ 43. Ke3 Qc3+ 44. Kf2 Qxd4+ 45. Qxd4 Nxd4
46. h6 1-0

[Event "Moscow Blitz Final 2014"]
[Site "Moscow RUS"]
[Date "2014.09.06"]
[Round "12.9"]
[White "Karjakin, Sergey"]
[Black "Malakhov, Vladimir"]
[Result "0-1"]
[WhiteTitle "GM"]
[BlackTitle "GM"]
[WhiteElo "2777"]
[BlackElo "2696"]
[WhiteFideId "14109603"]
[BlackFideId "4120787"]
[EventDate "2014.09.06"]

1. Nf3 d5 2. g3 c6 3. Bg2 Bf5 4. d3 e6 5. O-O Nd7 6. Nbd2 Bd6 7. e4 Bg6 8. Nh4
Ne7 9. f4 f5 10. exf5 exf5 11. Nxg6 hxg6 12. Nf3 Qb6+ 13. Kh1 O-O-O 14. a4 a5
15. Re1 Nf6 16. Be3 Bc5 17. Bxc5 Qxc5 18. Ne5 Rxh2+ 0-1

[Event "Moscow Blitz Final 2014"]
[Site "Moscow RUS"]
[Date "2014.09.06"]
[Round "12.10"]
[White "Dvalishvili, Pavel S."]
[Black "Kretov, Evgenij"]
[Result "1-0"]
[WhiteTitle "IM"]
[BlackTitle "FM"]
[WhiteElo "2439"]
[BlackElo "2263"]
[WhiteFideId "4121996"]
[BlackFideId "4167821"]
[EventDate "2014.09.06"]

1. e4 c5 2. Nf3 Nc6 3. Bb5 a6 4. Bxc6 dxc6 5. h3 e5 6. Nc3 Bd6 7. a4 a5 8. d3
Ne7 9. Ne2 O-O 10. Ng3 Qc7 11. O-O Ng6 12. Nf5 Nf4 13. Nxd6 Qxd6 14. Bxf4 exf4
15. Re1 f6 16. Qd2 b6 17. e5 fxe5 18. Rxe5 Bd7 19. Qc3 Rae8 20. Qb3+ Kh8 21.
Rae1 Qc7 22. Qf7 Qd8 23. Rxe8 Rxe8 24. Rxe8+ Qxe8 25. Qxf4 Be6 26. Qc7 Bd5 27.
Ne5 h5 28. c4 Bg8 29. f4 Bh7 30. Qxb6 Bxd3 31. Qxa5 Be4 32. Qxc5 Kh7 33. a5 Qd8
34. Qe3 Bf5 35. a6 Qd1+ 36. Kh2 Qa4 37. a7 Qa1 38. b4 Be6 39. b5 cxb5 40. cxb5
Bd5 41. Qf2 Qd1 42. Nc6 Qa4 43. Ne7 Ba8 44. Qh4 Qxb5 45. Qg5 Qe2 46. Qg6+ Kh8
47. Qe8+ Kh7 48. Qg8+ Kh6 49. Qh8# 1-0

[Event "Moscow Blitz Final 2014"]
[Site "Moscow RUS"]
[Date "2014.09.06"]
[Round "13.1"]
[White "Kretov, Evgenij"]
[Black "Moskalenko, Alexander"]
[Result "0-1"]
[WhiteTitle "FM"]
[BlackTitle "IM"]
[WhiteElo "2263"]
[BlackElo "2460"]
[WhiteFideId "4167821"]
[BlackFideId "4155351"]
[EventDate "2014.09.06"]

1. d4 d5 2. c4 c6 3. Nc3 Nf6 4. e3 Bf5 5. cxd5 cxd5 6. Qb3 Nc6 7. Qxb7 Bd7 8.
Qb3 Rb8 9. Qd1 e5 10. Nf3 e4 11. Ne5 Bd6 12. Nxd7 Qxd7 13. Bb5 O-O 14. Qa4 Rfc8
15. Bd2 a6 16. Bxa6 Rc7 17. Bb5 Qc8 18. a3 Na7 19. Ba6 Qg4 20. g3 Rxb2 21. Be2
Qh3 22. Nd1 Rbc2 23. Rb1 h5 24. Rb2 Rxb2 25. Nxb2 Kh7 26. Qa6 Rc2 27. Nd1 Qd7
28. h4 Nc6 29. Qa4 Ra2 30. Bc1 Qb7 31. Bb5 Na7 32. Be2 Qb1 33. Qxa7 Qxc1 34. Qa6
Qd2+ 35. Kf1 Bxa3 36. Qb5 Bd6 37. Rh3 Ra1 38. Kg2 Rxd1 39. Bxd1 Qxd1 40. Qc6
Qf3+ 41. Kg1 Bb4 42. Rh2 Qf5 43. Rg2 Ng4 44. Qc1 Bd6 45. Qc6 Bb4 46. Qc1 Qf3 47.
Qb1 Bd6 48. Qc1 g6 49. Qb1 Kg7 50. Qc1 Ba3 51. Qb1 Bb4 52. Qc1 Bc3 53. Qb1 Bd2
54. Qa1 Qe2 55. Qf1 Qxf1+ 56. Kxf1 Bxe3 0-1

[Event "Moscow Blitz Final 2014"]
[Site "Moscow RUS"]
[Date "2014.09.06"]
[Round "13.2"]
[White "Malakhov, Vladimir"]
[Black "Dvalishvili, Pavel S."]
[Result "1-0"]
[WhiteTitle "GM"]
[BlackTitle "IM"]
[WhiteElo "2696"]
[BlackElo "2439"]
[WhiteFideId "4120787"]
[BlackFideId "4121996"]
[EventDate "2014.09.06"]

1. e4 c5 2. Nf3 e6 3. g3 Nc6 4. Bg2 d6 5. O-O Nf6 6. Qe2 Be7 7. c3 O-O 8. d4
cxd4 9. cxd4 d5 10. e5 Ne4 11. Nbd2 Nxd2 12. Bxd2 Qb6 13. Bc3 Bd7 14. Rfc1 Rfc8
15. h4 h6 16. Qd2 a5 17. a3 a4 18. Bf1 Na5 19. Bxa5 Rxa5 20. Rxc8+ Bxc8 21. Rc1
Bd7 22. Qc3 Bc6 23. Ne1 Ra8 24. Nd3 Qa5 25. Nc5 Qxc3 26. Rxc3 Kf8 27. h5 Ke8 28.
f4 Kd8 29. Kf2 Rc8 30. Bd3 b6 31. Na6 Bd7 32. Rxc8+ Kxc8 33. Nb4 Kb7 34. g4 f6
35. Kf3 Bd8 36. Bg6 b5 37. f5 Bb6 38. Bf7 exf5 39. e6 fxg4+ 40. Ke3 Bxe6 41.
Bxe6 g3 42. Bxd5+ Kc7 43. Bf3 Kd6 44. Ke4 1-0

[Event "Moscow Blitz Final 2014"]
[Site "Moscow RUS"]
[Date "2014.09.06"]
[Round "13.3"]
[White "Dubov, Daniil"]
[Black "Karjakin, Sergey"]
[Result "1-0"]
[WhiteTitle "GM"]
[BlackTitle "GM"]
[WhiteElo "2614"]
[BlackElo "2777"]
[WhiteFideId "24126055"]
[BlackFideId "14109603"]
[EventDate "2014.09.06"]

1. c4 c5 2. Nf3 Nc6 3. Nc3 e5 4. g3 g6 5. Bg2 Bg7 6. O-O d6 7. b3 Nge7 8. Bb2
O-O 9. e3 f5 10. a3 a5 11. Qc2 h6 12. Nd5 Nxd5 13. cxd5 Ne7 14. d3 b5 15. Nxe5
dxe5 16. d6 Ra7 17. Qxc5 Rd7 18. dxe7 Qxe7 19. Qxb5 Bb7 20. Rac1 Bxg2 21. Kxg2
Rb7 22. Qd5+ Kh7 23. Rc6 Rd8 24. Qc4 Qd7 25. Rd1 Rxb3 26. Rc7 Qd5+ 27. Qxd5 Rxd5
28. Ba1 Kg8 29. Ra7 Rbxd3 30. Rxd3 Rxd3 31. Rxa5 Bf8 32. a4 e4 33. Bd4 Be7 34.
Ra7 Kf8 35. a5 Rd2 36. a6 Ra2 37. Ra8+ 1-0

[Event "Moscow Blitz Final 2014"]
[Site "Moscow RUS"]
[Date "2014.09.06"]
[Round "13.4"]
[White "Grachev, Boris"]
[Black "Najer, Evgeniy"]
[Result "0-1"]
[WhiteTitle "GM"]
[BlackTitle "GM"]
[WhiteElo "2673"]
[BlackElo "2646"]
[WhiteFideId "4129199"]
[BlackFideId "4118987"]
[EventDate "2014.09.06"]

1. d4 d5 2. Bf4 Nf6 3. e3 c5 4. c3 Nc6 5. Nd2 Bf5 6. Qb3 Qd7 7. Ngf3 c4 8. Qd1
e6 9. Be2 h6 10. O-O Bd6 11. b3 Bxf4 12. exf4 cxb3 13. axb3 O-O 14. Ne5 Qc7 15.
Qc1 Rfc8 16. Qb2 a6 17. h3 Qb6 18. Rfc1 Rc7 19. Bf1 Rac8 20. Nd3 Nd7 21. Qa3 Na7
22. Qb2 Nb5 23. c4 Qxd4 24. Qxd4 Nxd4 25. g4 Bxd3 26. Bxd3 Nc5 27. Rc3 Nxd3 28.
Rxd3 Ne2+ 29. Kh2 Nxf4 30. Rf3 g5 31. h4 Kg7 32. Re1 b5 33. cxd5 exd5 34. Nf1
Rc1 35. Rxc1 Rxc1 36. Ng3 Rc2 37. Nf5+ Kh7 38. h5 a5 39. Nd4 Rd2 40. Nxb5 f5 41.
gxf5 Kg7 42. Rc3 Rxf2+ 43. Kg3 Rf1 44. Rc6 Nxh5+ 45. Kg2 Rxf5 46. Nd4 0-1

[Event "Moscow Blitz Final 2014"]
[Site "Moscow RUS"]
[Date "2014.09.06"]
[Round "13.5"]
[White "Morozevich, Alexander"]
[Black "Savchenko, Boris"]
[Result "0-1"]
[WhiteTitle "GM"]
[BlackTitle "GM"]
[WhiteElo "2731"]
[BlackElo "2608"]
[WhiteFideId "4116992"]
[BlackFideId "4147332"]
[EventDate "2014.09.06"]

1. e4 e6 2. d4 d5 3. Nc3 Bb4 4. e5 c5 5. a3 Bxc3+ 6. bxc3 Ne7 7. Qg4 O-O 8. Bd3
Nbc6 9. Qh5 Ng6 10. Nf3 Nce7 11. h4 Qa5 12. Bd2 Qa4 13. Qg4 f5 14. exf6 Rxf6 15.
h5 e5 16. Qg3 e4 17. hxg6 Nxg6 18. Qh2 Nf8 19. Ng5 exd3 20. Nxh7 Re6+ 21. Kf1
dxc2 22. Kg1 Qb5 23. Rc1 Qe2 24. Ng5 Qd1+ 0-1

[Event "Moscow Blitz Final 2014"]
[Site "Moscow RUS"]
[Date "2014.09.06"]
[Round "13.6"]
[White "Paravyan, David"]
[Black "Seliverstov, Vladimir"]
[Result "1-0"]
[WhiteTitle "IM"]
[BlackTitle "FM"]
[WhiteElo "2428"]
[BlackElo "2432"]
[WhiteFideId "4194985"]
[BlackFideId "4192036"]
[EventDate "2014.09.06"]

1. d4 g6 2. e4 Bg7 3. Nf3 d6 4. Bd3 Nf6 5. O-O O-O 6. Re1 c5 7. c3 cxd4 8. cxd4
Bg4 9. Nbd2 Nc6 10. h3 Bd7 11. b3 Rc8 12. Bb2 Nb4 13. Bb1 Bb5 14. Nf1 Qc7 15.
Ne3 a5 16. Qd2 d5 17. exd5 Nbxd5 18. Nxd5 Nxd5 19. Be4 Bc6 20. Rac1 Rfd8 21. Qe2
Qb6 22. Ba3 e6 23. Bc5 Qb5 24. Bd3 Nf4 25. Bxb5 Nxe2+ 26. Bxe2 Bxf3 27. Bxf3
Bxd4 28. Bxd4 Rxc1 29. Rxc1 Rxd4 30. Bxb7 Rd2 31. a4 Rd3 32. Rc5 Rxb3 33. Bf3 f5
34. Rxa5 Kf7 35. Ra6 Ra3 36. a5 Kf6 37. Bd5 1-0

[Event "Moscow Blitz Final 2014"]
[Site "Moscow RUS"]
[Date "2014.09.06"]
[Round "13.7"]
[White "Reshetnikov, Alexey"]
[Black "Fedoseev, Vladimir3"]
[Result "1-0"]
[WhiteTitle "IM"]
[BlackTitle "GM"]
[WhiteElo "2498"]
[BlackElo "2677"]
[WhiteFideId "4162080"]
[BlackFideId "24130737"]
[EventDate "2014.09.06"]

1. c4 c6 2. d4 d5 3. cxd5 cxd5 4. Nc3 Nf6 5. Bf4 a6 6. Rc1 Nc6 7. e3 Bg4 8. f3
Bd7 9. Bg3 e6 10. Bd3 Be7 11. f4 Na5 12. Nf3 Nc4 13. Qe2 Rc8 14. Ne5 b5 15. O-O
O-O 16. Bh4 Be8 17. Nd1 Nxe5 18. Rxc8 Nf3+ 19. Rxf3 Qxc8 20. Bxf6 Bxf6 21. Bxh7+
Kxh7 22. Rh3+ Kg8 23. Qh5 Bh4 24. Qxh4 f6 25. Qh7+ Kf7 26. Rg3 Rg8 27. Qb1 b4
28. Nf2 Bb5 29. h4 Qc4 30. h5 f5 31. Nh3 Rh8 32. Ng5+ Kf6 33. Nf3 Rxh5 34. Rg6+
Ke7 35. Rxg7+ Kf8 36. Rg5 Rxg5 37. Nxg5 Ke7 38. Qe1 a5 39. a3 Qb3 40. axb4 axb4
41. Qc1 Bc4 42. Nf3 Qd3 43. Qe1 Qb3 44. Qd2 Kd6 45. Ne5 Qa4 46. Kh2 Kc7 47. Qf2
Qb3 48. Qd2 Kb6 49. Nd7+ Kb5 50. Nc5 Qa2 51. Nxe6 Qa7 52. Nc5 Qh7+ 53. Kg1 b3
54. Nd3 Qe7 55. Ne5 Qa7 56. Qc1 Qa5 57. Kf2 Qd8 58. Qd2 Qh4+ 59. Kg1 Qe7 60. Qe1
Qa7 61. Qb1 Qa5 62. Nf3 Be2 63. Qe1 Qxe1+ 64. Nxe1 Kc4 65. Kf2 Bg4 66. Kf1 Bh5
67. Kf2 Bg4 68. Kg3 Bh5 69. Kh4 Be2 70. Kg5 Bg4 71. Kf6 Kb4 72. Ke6 Kc4 73. Ke5 1-0

[Event "Moscow Blitz Final 2014"]
[Site "Moscow RUS"]
[Date "2014.09.06"]
[Round "13.8"]
[White "Grischuk, Alexander"]
[Black "Belous, Vladimir"]
[Result "1-0"]
[WhiteTitle "GM"]
[BlackTitle "GM"]
[WhiteElo "2789"]
[BlackElo "2584"]
[WhiteFideId "4126025"]
[BlackFideId "4174003"]
[EventDate "2014.09.06"]

1. d4 Nf6 2. c4 g6 3. Nf3 Bg7 4. g3 O-O 5. Bg2 c5 6. d5 b5 7. cxb5 Qa5+ 8. Nfd2
Qxb5 9. Nc3 Qb7 10. O-O d6 11. Nc4 Qa6 12. b3 Nbd7 13. a4 Nb6 14. Na3 Rb8 15.
Rb1 Bf5 16. e4 Bd7 17. Re1 Qc8 18. Bb2 Bh3 19. Qe2 Bxg2 20. Kxg2 Re8 21. Ba1 e6
22. dxe6 Qxe6 23. Qd3 Rbd8 24. Nab5 Qe7 25. Rbd1 Ng4 26. a5 Ne5 27. Qe2 Nc8 28.
Nd5 Qb7 29. f4 Nc6 30. Bxg7 Kxg7 31. Qb2+ Kh6 32. Nbc7 Nd4 33. Nxe8 Rxe8 34.
Rxd4 cxd4 35. Qxd4 Qxb3 36. Nf6 Re6 37. Ng8+ Kh5 38. Nf6+ Kh6 39. g4 Qc2+ 40.
Kg3 Qc5 41. Ng8# 1-0

[Event "Moscow Blitz Final 2014"]
[Site "Moscow RUS"]
[Date "2014.09.06"]
[Round "13.9"]
[White "Riazantsev, Alexander"]
[Black "Mozharov, Mikhail"]
[Result "1-0"]
[WhiteTitle "GM"]
[BlackTitle "GM"]
[WhiteElo "2678"]
[BlackElo "2555"]
[WhiteFideId "4125029"]
[BlackFideId "4189825"]
[EventDate "2014.09.06"]

1. d4 d5 2. c4 c6 3. Nf3 Nf6 4. e3 Bg4 5. h3 Bh5 6. g4 Bg6 7. Ne5 Nfd7 8. Nxg6
hxg6 9. Nc3 e6 10. Qb3 Qb6 11. Bd2 Be7 12. Bg2 Na6 13. c5 Qxb3 14. axb3 Nc7 15.
f4 a6 16. g5 f6 17. h4 e5 18. b4 e4 19. Ke2 Rc8 20. gxf6 gxf6 21. f5 gxf5 22.
Raf1 Ne6 23. Bh3 Rxh4 24. Bxf5 Rxh1 25. Rxh1 Ndf8 26. Be1 Bd8 27. Rh8 Kf7 28.
Bg3 Kg7 29. Rxf8 Kxf8 30. Bxe6 Ra8 31. Bd6+ Be7 32. Na4 Rd8 33. Bc7 Ra8 34. Nb6
Re8 35. Bd7 Kf7 36. Bxe8+ Kxe8 37. Nc8 Kd7 38. Nxe7 1-0

[Event "Moscow Blitz Final 2014"]
[Site "Moscow RUS"]
[Date "2014.09.06"]
[Round "13.10"]
[White "Popov, Ivan RUS"]
[Black "Motylev, Alexander"]
[Result "1-0"]
[WhiteTitle "GM"]
[BlackTitle "GM"]
[WhiteElo "2627"]
[BlackElo "2686"]
[WhiteFideId "4170350"]
[BlackFideId "4121830"]
[EventDate "2014.09.06"]

1. e4 c6 2. d4 d5 3. e5 Bf5 4. h4 h5 5. c4 e6 6. Nc3 Ne7 7. Nge2 Nd7 8. Ng3 Bg6
9. Bg5 Qb6 10. Qd2 dxc4 11. Bxc4 O-O-O 12. Be3 Qc7 13. Qe2 Nb6 14. Bb3 Ned5 15.
Rc1 Nxc3 16. bxc3 Ba3 17. Rd1 Be7 18. c4 c5 19. O-O cxd4 20. Bxd4 Bxh4 21. c5
Nd5 22. c6 b6 23. Ne4 Bxe4 24. Qxe4 Be7 25. Bb2 Nb4 26. a3 Na6 27. Bd4 Bc5 28.
Bc4 Nb8 29. Bxc5 bxc5 30. Rd7 Qxc6 31. Qxc6+ Nxc6 32. Rxf7 Rd4 33. Bxe6+ Kd8 34.
Rxg7 Re8 35. Bh3 Rxe5 36. Rb1 c4 37. Rbb7 c3 38. Rgc7 Re1+ 39. Kh2 Ne7 40. Rxc3 1-0